000 00742nam a2200265Ia 4500
003 OSt
005 20221005062133.0
006 a|||||r|||| 00| 0
007 ta
008 221004b |||||||| |||| 00| 0 eng d
020 _a0415120489
024 _a41881
037 _cTextual
040 _aCRL
_cCRL
_beng
041 _2eng
_aeng
082 _aO111973x, N6
100 _aDonnel Alison Ed.
_9601462
245 0 _aRoutledge reader in Caribbean literature
260 _aLondon
_bRoutledge UK
_c1996
300 _axx, 540p
_ccm.
650 _aENGLISH LITERATURE
700 _a Welsh Sarah Lawson Ed.
942 _hO111973x, N6
_cTEXL
_2cc
999 _c969216
_d969216